[Event "Agzamov Memorial 02nd"]
[Site "Tashkent"]
[Date "2008.03.20"]
[Round "2"]
[White "Rakhmatullin, Kamil"]
[Black "Glek, Igor Vladimirovich"]
[Result "1/2-1/2"]
[WhiteElo "2320"]
[BlackElo "2546"]
[PlyCount "92"]
[EventDate "2008.03.18"]
[EventType "swiss"]
[EventRounds "9"]
[EventCountry "UZB"]
[SourceTitle "CBM 123 Extra"]
[Source "ChessBase"]
[SourceDate "2008.05.06"]
[SourceVersion "1"]
[SourceVersionDate "2008.05.06"]
[SourceQuality "1"]

1. d4 e6 2. c4 f5 3. Nf3 Nf6 4. g3 d5 5. Bg2 Bd6 6. 0-0 0-0 7. b3 b6 8. Nc3 c6 9. Na4 Qe7 10. Nb2 Bb7 11. cxd5 exd5 12. Nd3 Ne4 13. Nfe5 c5 14. Bb2 a5 15. f3 Nf6 16. Bh3 g6 17. Qd2 Nc6 18. e3 a4 19. Bc3 Nd7 20. Nxc6 Bxc6 21. dxc5 bxc5 22. b4 c4 23. Nf4 Be5 24. a3 Bxc3 25. Qxc3 Rae8 26. e4 Qe5 27. Qxe5 Rxe5 28. exd5 Bxd5 29. Rfd1 Nb6 30. Nxd5 Rxd5 31. Bf1 Rfd8 32. Rxd5 Rxd5 33. Rc1 Rd4 34. f4 Kf7 35. Kf2 Rd2+ 36. Ke3 Rxh2 37. Kd4 Ke7 38. Kc5 Nd7+ 39. Kxc4 h5 40. Re1+ Kd6 41. Kb5 Nf6 42. Bc4 Ne4 43. Kxa4 Rh3 44. Ka5 Rxg3 45. a4 g5 46. Kb6 gxf4 1/2-1/2